000 00288nam a2200121Ia 4500
008 241002s9999 xx 000 0 und d
082 _a659.1 CHA
100 _aChase, James Hadley
245 0 _aTrusted like the fox
260 _aLondon:
_c1964
600 _aApplied Science
942 _cUC
999 _c18746
_d18746